MARC

LEADER 00000nam0a2200000 4500
001 250753
005 20231101232607.0
020 |a RU  |b 89-5579 
035 |a (RuTPU)RU\TPU\book\272977 
090 |a 250753 
100 |a 20140217d1988 m a0rusy5003 ca 
101 0 |a rus 
102 |a RU 
105 |a y j 001zy 
200 1 |a Организация и управление коллективом  |e учебное пособие  |f Т. А. Лисицкая, В. Е. Лисьев, Н. И. Пасько  |g Саратовский политехнический институт (СПИ) 
210 |a Саратов  |c Изд-во Саратовского политехнического ин-та  |d 1988 
215 |a 66 с. 
606 1 |a Производственные коллективы  |2 stltpush  |3 (RuTPU)RU\TPU\subj\36747  |9 58015 
610 1 |a коллектив 
610 1 |a организация 
610 1 |a управление 
610 1 |a учебные пособия 
610 1 |a руководитель 
610 1 |a системный подход 
610 1 |a управленческие решения 
610 1 |a решения 
686 |a У9(2)243.3  |2 rubbk 
700 1 |a Лисицкая  |b Т. А.  |g Татьяна Анатольевна  |4 070 
701 1 |a Лисьев  |b В. Е. 
701 1 |a Пасько  |b Н. И. 
712 0 2 |a Саратовский политехнический институт (СПИ)  |c (1960-1992)  |2 stltpush  |3 (RuTPU)RU\TPU\col\283 
801 0 |a RU  |b RuMRKP  |c 19950417  |g psbo 
801 1 |a RU  |b 63413507  |c 20140217 
801 2 |a RU  |b 63413507  |c 20140227  |g RCR 
942 |c BK